| 000 | 00000nam##2200000za#4500 |
| 001 | 9.597409 |
| 003 | CaOODSP |
| 005 | 20210624204031 |
| 007 | cr ||||||||||| |
| 008 | 150406|2008||||xxc|||||o f|0| 0 fre|d |
| 040 | |aCaOODSP|bfre |
| 043 | |an-cn--- |
| 086 | 1 |aYM32-6/06-13-1F-PDF |
| 245 | 03|aLe régime des délinquants dangereux et des délinquants à contrôler / |h[ressource électronique]|c[Par] Dominique Valiquet. |
| 260 | |aOttawa - Ontario : |bBibliothèque du Parlement. |cRévisé le 4 novembre 2008. |
| 300 | |a12p. |
| 490 | 1 |a[Les études générales modulaires]|vPRB 06-13F |
| 590 | |a09-20|b2009-05-15 |
| 691 | 07|aCrime|2gcpds |
| 710 | 1 |aCanada.|bBibliothèque du Parlement. |bDirection de la recherche parlementaire. |
| 720 | 1 |aValiquet, Dominique |
| 775 | 08|tThe dangerous offender and long-term offender regime / |w(CaOODSP)9.565921 |
| 830 | #0|a[Les études générales modulaires]|vPRB 06-13F|w(CaOODSP)9.501321 |
| 856 | 40|ahttp://publications.gc.ca|qPDF|s232 Ko|uhttps://publications.gc.ca/collections/collection_2009/bdp-lop/prb/prb0613-1f.pdf|yPRB 06-13F |